[Event "Barranquilla Carnaval Cup"]
[Site "Barranquilla"]
[Date "2024.02.03"]
[Round "1"]
[White "Narvaez Ramirez, Faber Alberto"]
[Black "Fernandez Maza, Juan"]
[Result "1-0"]
[WhiteElo "2067"]
[BlackElo "1234"]
[PlyCount "65"]
[EventDate "2024.02.03"]
[EventType "swiss"]
[EventRounds "9"]
[EventCountry "COL"]
[SourceTitle "CB07_2024"]
[SourceDate "2024.02.14"]
[SourceVersion "1"]
[SourceVersionDate "2024.02.14"]
[SourceQuality "1"]

1. d4 d5 2. Nf3 Bf5 3. c4 Nf6 4. Nc3 e6 5. Bg5 Be7 6. Bxf6 Bxf6 7. cxd5 exd5 8. Qb3 0-0 9. Qxb7 Nd7 10. Qxd5 Bg6 11. e3 Qc8 12. Be2 Nb6 13. Qa5 c6 14. Rc1 Qe6 15. b3 Nd5 16. Nxd5 cxd5 17. 0-0 Be4 18. Nd2 Qf5 19. Nxe4 Qxe4 20. Bf3 Qh4 21. Bxd5 Bd8 22. Qa6 Bb6 23. Bxa8 Rxa8 24. Rc8+ Rxc8 25. Qxc8+ Bd8 26. g3 Qe7 27. Rc1 g6 28. Rc5 Kg7 29. Re5 Qf6 30. Re8 Bb6 31. Rg8+ Kh6 32. Qh3+ Kg5 33. f4+ 1-0

[Event "Pereira Gildardo Garcia Memorial-A"]
[Site "Pereira"]
[Date "2022.05.22"]
[Round "9"]
[White "Narvaez Ramirez, Faber Alberto"]
[Black "Lopez Rayo, Santiago"]
[Result "1/2-1/2"]
[WhiteElo "2070"]
[BlackElo "2158"]
[PlyCount "61"]
[EventDate "2022.05.18"]
[EventType "swiss"]
[EventRounds "10"]
[EventCountry "COL"]
[SourceTitle "CBM 208 Extra"]
[Source "ChessBase"]
[SourceDate "2022.07.31"]
[SourceVersion "1"]
[SourceVersionDate "2022.07.31"]
[SourceQuality "1"]

1. e4 c5 2. Nf3 d6 3. d4 cxd4 4. Qxd4 Nc6 5. Qe3 g6 6. c4 Bg7 7. Nc3 Nf6 8. h3 0-0 9. Be2 a5 10. 0-0 a4 11. Rd1 Nd7 12. Rb1 Nc5 13. Bd2 f5 14. exf5 Bxf5 15. Rbc1 Nb4 16. Nd4 Bxd4 17. Qxd4 e5 18. Qe3 Nc2 19. Qh6 Nd4 20. Bg5 Qd7 21. Bf1 Be6 22. Be3 Qf7 23. Rxd4 exd4 24. Bxd4 Rad8 25. Re1 Rd7 26. Ne4 Nxe4 27. Rxe4 d5 28. cxd5 Bxd5 29. Rh4 Bxa2 30. f3 Qf5 31. Rg4 1/2-1/2

[Event "COL Subzt 2.3.4"]
[Site "Risarald"]
[Date "2021.11.26"]
[Round "6"]
[White "Hernandez Pinzon, Helvert"]
[Black "Narvaez Ramirez, Faber Alberto"]
[Result "0-1"]
[WhiteElo "1961"]
[BlackElo "2090"]
[PlyCount "132"]
[EventDate "2021.11.23"]
[EventType "swiss"]
[EventRounds "9"]
[EventCountry "COL"]
[SourceTitle "CBM 205 Extra"]
[Source "ChessBase"]
[SourceDate "2022.01.31"]
[SourceVersion "1"]
[SourceVersionDate "2022.01.31"]
[SourceQuality "1"]

1. e4 g6 2. d4 Bg7 3. Nf3 d6 4. Be3 Nf6 5. Nc3 a6 6. h3 b5 7. a3 Bb7 8. Bd3 0-0 9. Qd2 Nbd7 10. Bh6 e5 11. Bxg7 Kxg7 12. d5 Nh5 13. g4 Nf4 14. Ne2 Nxe2 15. Kxe2 h6 16. Rag1 c5 17. c4 bxc4 18. Bxc4 Nb6 19. b3 a5 20. Bb5 Qe7 21. Qd3 Kh7 22. Nd2 Bc8 23. Rh2 Rb8 24. Rhg2 Na8 25. Bc4 Nc7 26. Qc3 Bd7 27. a4 Rb4 28. Nb1 Na8 29. Na3 Qd8 30. Nc2 Rb8 31. Qd2 Rb7 32. Ne3 Rg8 33. f3 Ra7 34. Qe1 Nc7 35. Bd3 Qb8 36. Qc3 Rb7 37. Bc4 Qa7 38. Qd3 Qb8 39. Qd2 Rb4 40. Qc3 Qa7 41. Nc2 Rbb8 42. Qd3 Bc8 43. Na3 Na6 44. Nb5 Qe7 45. Qe3 Nb4 46. Kd2 Bd7 47. Rf2 Rg7 48. Rgf1 Bxb5 49. axb5 Ra8 50. Ra1 Qc7 51. Ra4 Rf8 52. f4 exf4 53. Rxf4 Re8 54. Ra1 Kg8 55. Raf1 a4 56. bxa4 Qa5 57. Qc3 Re5 58. Re1 f5 59. Re3 fxg4 60. hxg4 Qxa4 61. Rf6 Na2 62. Qc2 Qa5+ 63. Ke2 Nb4 64. Qb2 Qd8 65. Re6 Qh4 66. Rf3 Rf7 0-1

[Event "COL Subzt 2.3.4"]
[Site "Risarald"]
[Date "2021.11.25"]
[Round "4"]
[White "Rodriguez Suarez, Luis Alejandro"]
[Black "Narvaez Ramirez, Faber Alberto"]
[Result "0-1"]
[WhiteElo "1972"]
[BlackElo "2090"]
[PlyCount "142"]
[EventDate "2021.11.23"]
[EventType "swiss"]
[EventRounds "9"]
[EventCountry "COL"]
[SourceTitle "CBM 205 Extra"]
[Source "ChessBase"]
[SourceDate "2022.01.31"]
[SourceVersion "1"]
[SourceVersionDate "2022.01.31"]
[SourceQuality "1"]

1. d4 Nf6 2. Nf3 g6 3. Nc3 Bg7 4. e4 d6 5. Be2 0-0 6. 0-0 Nc6 7. d5 Nb8 8. h3 e5 9. Bg5 h6 10. Bh4 g5 11. Bg3 Nh5 12. Nd2 Nf4 13. Bg4 Nd7 14. Nc4 Nf6 15. Bxc8 Qxc8 16. Ne3 Re8 17. f3 N6h5 18. Bh2 Ng6 19. Ne2 a5 20. Ng3 Nxg3 21. Bxg3 a4 22. Bf2 Ne7 23. g4 Kh7 24. Kg2 Rh8 25. Rh1 Bf6 26. h4 Ng6 27. h5 Ne7 28. c4 Qd7 29. Qc2 c5 30. dxc6 bxc6 31. Rhd1 Qc7 32. c5 dxc5 33. Nc4 Nc8 34. Bxc5 Be7 35. Bxe7 Qxe7 36. Rd2 Rd8 37. Rxd8 Qxd8 38. Nxe5 Qc7 39. Nxc6 Ne7 40. Nd4 Qxc2+ 41. Nxc2 Rd8 42. Rf1 Nc6 43. Rf2 Ne5 44. Nb4 Rd4 45. a3 Rd1 46. Rc2 Kg7 47. Kf2 Rh1 48. Rc5 Kf6 49. Kg2 Rb1 50. Ra5 Rxb2+ 51. Kg3 Rb3 52. Ra6+ Kg7 53. Rxa4 Rxf3+ 54. Kg2 Rf4 55. Nd5 Rxg4+ 56. Kf2 Rh4 57. Ne7 Rxh5 58. Nf5+ Kh7 59. Ra5 Nd3+ 60. Kg1 g4 61. Ra7 Ne5 62. Re7 Nf3+ 63. Kg2 Kg6 64. Kg3 Kg5 65. Rxf7 Rh3+ 66. Kf2 h5 67. Ne3 Rh2+ 68. Kf1 Ra2 69. Rf5+ Kg6 70. Rf4 Kg5 71. Rf5+ Kh4 0-1

[Event "Manizales Las Americas blitz op"]
[Site "Manizales"]
[Date "2021.10.23"]
[Round "5"]
[White "Sanchez, Sebastian Felipe"]
[Black "Narvaez Ramirez, Faber Alberto"]
[Result "1-0"]
[WhiteElo "2406"]
[BlackElo "2149"]
[PlyCount "127"]
[EventDate "2021.10.23"]
[EventType "swiss (blitz)"]
[EventRounds "11"]
[EventCountry "COL"]
[SourceTitle "CBM 205 Extra"]
[Source "ChessBase"]
[SourceDate "2022.01.31"]
[SourceVersion "1"]
[SourceVersionDate "2022.01.31"]
[SourceQuality "1"]

1. d4 Nf6 2. Bf4 d5 3. e3 c5 4. c3 Nc6 5. Nd2 Bf5 6. Qb3 Qc8 7. dxc5 e5 8. Bg5 Be6 9. Qa3 Nd7 10. b4 f6 11. Bh4 h5 12. f4 Be7 13. Ngf3 0-0 14. Qb2 Qe8 15. Be2 Qg6 16. 0-0 Qh6 17. b5 Na5 18. fxe5 Nxe5 19. Nxe5 Qxe3+ 20. Bf2 Qxe5 21. Rae1 Qc7 22. Bxh5 Bf7 23. Bxf7+ Rxf7 24. Nb3 Nxb3 25. Qxb3 Bxc5 26. Qxd5 Bxf2+ 27. Rxf2 Rd8 28. Qb3 Qc5 29. h3 Kf8 30. Kf1 Re7 31. Rxe7 Qxe7 32. Re2 Qc5 33. g3 Rd5 34. c4 Rf5+ 35. Kg2 Qd4 36. Qe3 Qxe3 37. Rxe3 Rc5 38. Rc3 Ke7 39. Kf3 Kd6 40. Ke4 Re5+ 41. Kd4 Re1 42. c5+ Kc7 43. Re3 Rd1+ 44. Kc4 Rc1+ 45. Kb4 Rb1+ 46. Ka4 Kd7 47. Rd3+ Kc7 48. Re3 Kd7 49. g4 g6 50. Rd3+ Kc7 51. Rf3 Rc1 52. Rxf6 Rxc5 53. Rxg6 Rc3 54. Rh6 Rg3 55. Kb4 Rg2 56. a4 b6 57. Rh7+ Kd6 58. Rxa7 Rf2 59. Rb7 Rf4+ 60. Kb3 Rf3+ 61. Kc4 Rxh3 62. Rxb6+ Kc7 63. Rc6+ Kb7 64. a5 1-0

[Event "Manizales Las Americas blitz op"]
[Site "Manizales"]
[Date "2021.10.23"]
[Round "10"]
[White "Tobar Beltran, Jorge Esteban"]
[Black "Narvaez Ramirez, Faber Alberto"]
[Result "0-1"]
[WhiteElo "1911"]
[BlackElo "2149"]
[PlyCount "74"]
[EventDate "2021.10.23"]
[EventType "swiss (blitz)"]
[EventRounds "11"]
[EventCountry "COL"]
[SourceTitle "CBM 205 Extra"]
[Source "ChessBase"]
[SourceDate "2022.01.31"]
[SourceVersion "1"]
[SourceVersionDate "2022.01.31"]
[SourceQuality "1"]

1. d4 Nf6 2. Bg5 c5 3. d5 Qb6 4. Nc3 d6 5. e4 h6 6. Bd2 g6 7. f4 Bg7 8. Nf3 Bg4 9. h3 Bxf3 10. Qxf3 Nbd7 11. Rb1 a6 12. Be2 Qc7 13. a4 Rb8 14. 0-0 0-0 15. Bc4 Nb6 16. Ba2 c4 17. Rbe1 Nbd7 18. Kh1 b5 19. b3 b4 20. Ne2 c3 21. Be3 a5 22. Nd4 Nc5 23. Nc6 Ncxe4 24. Nxb8 Rxb8 25. Bc1 Nd2 26. Bxd2 cxd2 27. Rd1 Qxc2 28. Bb1 Qc3 29. Qe2 Nh5 30. Qxd2 Ng3+ 31. Kg1 h5 32. Qd4 Ne2+ 33. Kh2 Nxd4 34. f5 gxf5 35. Rf4 Nxb3 36. Rxf5 Nd2 37. Rg5 Kf8 0-1

[Event "Manizales Las Americas op-A"]
[Site "Manizales"]
[Date "2021.10.18"]
[Round "10"]
[White "Ocampo Betancur, Cristina Angela"]
[Black "Narvaez Ramirez, Faber Alberto"]
[Result "1-0"]
[WhiteElo "1998"]
[BlackElo "2093"]
[PlyCount "130"]
[EventDate "2021.10.14"]
[EventType "swiss"]
[EventRounds "10"]
[EventCountry "COL"]
[SourceTitle "CBM 204 Extra"]
[Source "ChessBase"]
[SourceDate "2021.11.30"]
[SourceVersion "1"]
[SourceVersionDate "2021.11.30"]
[SourceQuality "1"]

1. e4 c5 2. Nf3 Nc6 3. d4 cxd4 4. Nxd4 e5 5. Nb5 a6 6. Nd6+ Bxd6 7. Qxd6 Qf6 8. Qxf6 Nxf6 9. Nc3 d5 10. exd5 Nb4 11. Bd3 Nbxd5 12. Nxd5 Nxd5 13. Bd2 0-0 14. 0-0 Bd7 15. Rfe1 Rfe8 16. c4 Nf6 17. Bc3 e4 18. Bc2 Bc6 19. Bxf6 gxf6 20. b4 f5 21. Rad1 Rad8 22. Kf1 Kg7 23. g3 Kf6 24. Ke2 Ke5 25. Ke3 b6 26. Bb3 a5 27. bxa5 bxa5 28. c5 f6 29. Bc4 h6 30. a4 Rh8 31. Bb5 Rxd1 32. Rxd1 Bd5 33. Bd7 Rb8 34. Bb5 Rc8 35. Rc1 h5 36. h4 Rc7 37. Be8 Rb7 38. c6 Rb3+ 39. Ke2 f4 40. gxf4+ Kxf4 41. c7 Rb2+ 42. Kf1 Be6 43. c8Q Bxc8 44. Rxc8 Rb1+ 45. Kg2 Rb2 46. Rc4 Ke5 47. Bxh5 e3 48. Kf3 exf2 49. Kg2 Kd5 50. Rf4 Ke5 51. Rc4 f5 52. Bf3 Ra2 53. h5 Kf6 54. Kf1 Kg5 55. Be2 Ra1+ 56. Kxf2 Ra3 57. Bd1 Ra1 58. Ke1 Ra2 59. Rc5 Kf4 60. Rxa5 Ke4 61. Ra8 f4 62. Re8+ Kf5 63. Rf8+ Ke4 64. h6 Rh2 65. h7 Kd5 1-0

[Event "Manizales Las Americas op-A"]
[Site "Manizales"]
[Date "2021.10.15"]
[Round "3"]
[White "Narvaez Ramirez, Faber Alberto"]
[Black "Herrera, Juan Sebastian"]
[Result "1-0"]
[WhiteElo "2093"]
[BlackElo "2238"]
[PlyCount "90"]
[EventDate "2021.10.14"]
[EventType "swiss"]
[EventRounds "10"]
[EventCountry "COL"]
[SourceTitle "CBM 204 Extra"]
[Source "ChessBase"]
[SourceDate "2021.11.30"]
[SourceVersion "1"]
[SourceVersionDate "2021.11.30"]
[SourceQuality "1"]

1. f4 g6 2. Nf3 Bg7 3. e4 d5 4. e5 Bg4 5. h3 Bxf3 6. Qxf3 e6 7. d4 Ne7 8. Bd3 c5 9. dxc5 Qa5+ 10. c3 Qxc5 11. Be3 Qc7 12. Na3 a6 13. Qf2 Nd7 14. h4 h5 15. Nc2 Nf5 16. Bxf5 gxf5 17. 0-0-0 Bf8 18. Kb1 Bc5 19. Nd4 Be7 20. Qg3 0-0-0 21. Qg7 Rdf8 22. Nxe6 fxe6 23. Qxe7 Re8 24. Qb4 Rhg8 25. Rd2 Rg3 26. Bf2 Rg4 27. Re1 b6 28. g3 Nc5 29. Bxc5 bxc5 30. Qa4 Kd8 31. Re3 Qb6 32. c4 d4 33. Rb3 Qa7 34. Qc6 Rg7 35. Qd6+ Kc8 36. Rb6 Rc7 37. b4 Qa8 38. bxc5 Qe4+ 39. Kb2 Qe3 40. Rxd4 Qe2+ 41. Kb3 Qe3+ 42. Rd3 Qc1 43. Rc3 Qb1+ 44. Ka3 Qe1 45. Rcb3 Ree7 1-0

[Event "Manizales Las Americas op-A"]
[Site "Manizales"]
[Date "2021.10.15"]
[Round "4"]
[White "Prasca Sosa, Rafael Felipe"]
[Black "Narvaez Ramirez, Faber Alberto"]
[Result "1/2-1/2"]
[WhiteElo "2363"]
[BlackElo "2093"]
[PlyCount "131"]
[EventDate "2021.10.14"]
[EventType "swiss"]
[EventRounds "10"]
[EventCountry "COL"]
[SourceTitle "CBM 204 Extra"]
[Source "ChessBase"]
[SourceDate "2021.11.30"]
[SourceVersion "1"]
[SourceVersionDate "2021.11.30"]
[SourceQuality "1"]

1. e4 c5 2. Nf3 e6 3. Nc3 a6 4. d4 cxd4 5. Nxd4 Qc7 6. Qd3 Nf6 7. Qg3 Qxg3 8. hxg3 Bb4 9. Bd3 d6 10. Bd2 Nc6 11. Nxc6 bxc6 12. Na4 Bxd2+ 13. Kxd2 Rb8 14. b3 e5 15. f3 h6 16. Rad1 Ke7 17. Ke2 Rd8 18. Kf2 Nd7 19. Rhe1 f6 20. Re3 Nb6 21. Nxb6 Rxb6 22. Bc4 Be6 23. Bxe6 Kxe6 24. Rc3 Rd7 25. g4 d5 26. exd5+ cxd5 27. Rc5 Rbd6 28. Ke2 Kf7 29. c4 d4 30. Kd3 g6 31. Ke4 Ke6 32. Kd3 Kf7 33. Rc8 f5 34. c5 Re6 35. gxf5 gxf5 36. c6 Rdd6 37. Re1 Re7 38. g4 fxg4 39. fxg4 Ke6 40. Ke4 d3 41. Rd1 Rd4+ 42. Ke3 Rxg4 43. Rxd3 Rg3+ 44. Kd2 Rxd3+ 45. Kxd3 Kd6 46. Ra8 Kxc6 47. Rxa6+ Kd5 48. Rxh6 Rg7 49. Rh3 Rc7 50. Rh5 Ra7 51. a4 Rb7 52. Kc3 Rc7+ 53. Kb4 Rb7+ 54. Ka3 Kd4 55. Rh8 e4 56. Rd8+ Kc3 57. Rc8+ Kd4 58. b4 Re7 59. Kb3 e3 60. Rd8+ Ke4 61. Rd1 e2 62. Re1 Kd4 63. a5 Re3+ 64. Kc2 Kc4 65. Kd2 Ra3 66. Rxe2 1/2-1/2